Operatívny controlling stavby ako súčasť informačného systému

Súčasné podnikové informačné systémy v stavebníctve nie sú schopné poskytnúť tie informácie, ktoré manažéri potrebujú. Aplikácia podsystému controlling predstavuje efektívnu formu získavania, spracovania a interpretácie informácií o nákladoch a zisku, ktoré podporujú rozhodovanie a formulovanie stra...

Descripción completa

Guardado en:
Detalles Bibliográficos
Autor principal: Mesároš, František
Otros Autores: Mesároš, Peter
Formato: Capítulo de libro
Lenguaje:eslovaco
Materias:
Etiquetas: Agregar Etiqueta
Sin Etiquetas, Sea el primero en etiquetar este registro!

MARC

LEADER 00000naa$a2200000$$$4500
001 0015172
005 20240502071401.5
041 0 |a slo 
044 |a SK 
245 1 0 |a Operatívny controlling stavby ako súčasť informačného systému  |c František Mesároš, Peter Mesároš 
520 |a Súčasné podnikové informačné systémy v stavebníctve nie sú schopné poskytnúť tie informácie, ktoré manažéri potrebujú. Aplikácia podsystému controlling predstavuje efektívnu formu získavania, spracovania a interpretácie informácií o nákladoch a zisku, ktoré podporujú rozhodovanie a formulovanie stratégie manažérmi. Dáva predpoklady na zvyšovanie výkonnosti stavebnej firmy a jej riadenia podľa objektívnych ukazovateľov. Vstupné informácie do podsystému operatívny controlling. 
610 2 0 |a kontroling operatívny 
610 2 0 |a stavby 
610 2 0 |a systémy informačné 
610 2 0 |a manažéri 
100 1 |a Mesároš, František 
700 1 |a Mesároš, Peter